00342nam a2200133Ia 4500008004100000020001500041041001200056082001600068100001400084245005800098260002900156300000800185650001500193221030s9999 xx 000 0 und d a8174461957 aEnglish a105.23bBis aB. Bishop 0aStartegic Marketing for the Digital Agecby B. Bishop bExcel BooksaIndiac1998 a252 aManagement